000
00210nam a22000857a 4500
082
_a
658.3 (PS) INT'R
245
_a
INTRODUCTION TO WORK PLANNING AND CONTROL
260
_a
RAWALPINDI
_b
COLLEGE OF EME
942
_c
BK
999
_c
568676
_d
568676